00422nam a2200157Ia 450000500170000000800410001704000190005804100120007708200150008910000190010424500740012326000270019730000100022465000200023485000100025420241106111554.0131103s9999 xx 000 0 und d aLoreto College aEnglish a900/NbFEL aFelton, Monica aDown the agesb a course of history for indian school cMonica Felton aDelhibMacmillanc1981 a56p.  aHistory - India aLCBED